Central Library OPAC University of Rajshahi

वैदिक संस्कृति का विकास ## Vaidik Sankriti ka Vikas / (Record no. 80343)

MARC details
000 -LEADER
fixed length control field 01438naa a2200277 a 4500
001 - CONTROL NUMBER
control field 80343
003 - CONTROL NUMBER IDENTIFIER
rucl marc code BD-RjUL
005 - DATE AND TIME OF LATEST TRANSACTION
control field 20220913142801.0
008 - FIXED-LENGTH DATA ELEMENTS--GENERAL INFORMATION
fixed length control field 220913b |||||||| |||| 00| 0 eng d
020 ## - INTERNATIONAL STANDARD BOOK NUMBER
International Standard Book Number 9788126021703
Terms of availability Rs. 200.00
035 ## - SYSTEM CONTROL NUMBER
System control number (BD-RjUL)80343
040 ## - CATALOGING SOURCE
Original cataloging agency BD-RjUL
Language of cataloging eng
Transcribing agency BD-RjUL
041 ## - LANGUAGE CODE
Language code of text/sound track or separate title san
082 ## - DEWEY DECIMAL CLASSIFICATION NUMBER
Edition number 23
Classification number 934
Author mark and year JOV 2018
100 ## - MAIN ENTRY--PERSONAL NAME
Personal name जोशी, तर्कतीर्थ लक्ष्मणशास्त्री ## Joshi, Tarkatirtha Laxmanshastri
9 (RLIN) 4763
245 12 - TITLE STATEMENT
Title वैदिक संस्कृति का विकास ## Vaidik Sankriti ka Vikas /
Statement of responsibility, etc. :तर्कतीर्थ लक्ष्मणशास्त्री जोशी ; मराठी से हिंदी अनुवाद मोरेश्वर दिनकर पराड़कर., Lakshmaṇaśāstrī Jośī (Author), ## Mo Di Parāḍakara (Translator), Lakshmaṇaśāstrī Jośī ; anuvādaka Moreśvara Dinakara Parāṛakara
250 ## - EDITION STATEMENT
Edition statement Editions: 16
264 ## - PRODUCTION, PUBLICATION, DISTRIBUTION, MANUFACTURE, AND COPYRIGHT NOTICE
Place of production, publication, distribution, manufacture Naī Dillī :
Name of producer, publisher, distributor, manufacturer साहित्य अकादेमी,, Sāhitya Akādemī, ,
Date of production, publication, distribution, manufacture, or copyright notice 2018
300 ## - PHYSICAL DESCRIPTION
Pagination 360 pages ;
Size 23 cm
650 ## - SUBJECT ADDED ENTRY--TOPICAL TERM
Topical term or geographic name as entry element Hindu civilization
9 (RLIN) 4766
Topical term or geographic name as entry element Vedic literature
Topical term or geographic name as entry element Vedic literature History and criticism
9 (RLIN) 4765
Topical term or geographic name as entry element Hindu civilization as depicted in Vedic literature
9 (RLIN) 4766
700 ## - ADDED ENTRY--PERSONAL NAME
Personal name Parāḍakara, Moreshwar. Dinkar
Dates associated with a name 1925-
942 ## - ADDED ENTRY ELEMENTS (KOHA)
Source of classification or shelving scheme Dewey Decimal Classification
Koha item type Books
Holdings
Lost status Source of classification or shelving scheme Damaged status Not for loan Collection code Permanent Location Current Location Shelving location Date acquired Source of acquisition Cost, normal purchase price Full call number Date last seen Copy number Koha item type
  Dewey Decimal Classification   Not For Loan Non-fiction Central Library, University of Rajshahi Central Library, University of Rajshahi General Stacks 17/08/2022 Author 200.00 S 934 JOV 2018 13/09/2022 C-1 Books
  Dewey Decimal Classification     Non-fiction Central Library, University of Rajshahi Central Library, University of Rajshahi General Stacks 17/08/2022 Author 200.00 S 934 JOV 2018 13/09/2022 C-2 Books
  Dewey Decimal Classification     Non-fiction Central Library, University of Rajshahi Central Library, University of Rajshahi General Stacks 17/08/2022 Author 200.00 S 934 JOV 2018 13/09/2022 C-3 Books
  Dewey Decimal Classification     Non-fiction Central Library, University of Rajshahi Central Library, University of Rajshahi General Stacks 17/08/2022 Author 200.00 S 934 JOV 2018 13/09/2022 C-4 Books
  Dewey Decimal Classification     Non-fiction Central Library, University of Rajshahi Central Library, University of Rajshahi General Stacks 17/08/2022 Author 200.00 S 934 JOV 2018 13/09/2022 C-5 Books